000 00405nam a2200157Ia 4500
008 230711s9999||||xx |||||||||||||| ||und||
041 _aENG
082 _a624
_bRA-C
100 _aRaina,VK
245 0 _aConcrete for construction : Facts and practice
250 _a1st Ed.
260 _c1998
_aNew Delhi
_bTata McGraw Hill Education Limited
300 _a301
650 _aCivil Engineering
942 _cBK
999 _c1925
_d1925